<?xml version="1.0" encoding="UTF-8"?>
<record
    xmlns:xsi="http://www.w3.org/2001/XMLSchema-instance"
    xsi:schemaLocation="http://www.loc.gov/MARC21/slim http://www.loc.gov/standards/marcxml/schema/MARC21slim.xsd"
    xmlns="http://www.loc.gov/MARC21/slim">

  <leader>04065nam a22004337i 4500</leader>
  <controlfield tag="001">B-12136</controlfield>
  <controlfield tag="003">CO-BoFNCP</controlfield>
  <controlfield tag="007">t|| </controlfield>
  <controlfield tag="008">090806s2009    ck     r           spa d </controlfield>
  <datafield tag="040" ind1=" " ind2=" ">
    <subfield code="a">CO-BoFNCP</subfield>
    <subfield code="b">spa</subfield>
    <subfield code="c">CO-BoFNCP</subfield>
    <subfield code="e">rda</subfield>
  </datafield>
  <datafield tag="041" ind1=" " ind2=" ">
    <subfield code="a">spa</subfield>
  </datafield>
  <datafield tag="043" ind1=" " ind2=" ">
    <subfield code="a">ck</subfield>
  </datafield>
  <datafield tag="084" ind1=" " ind2=" ">
    <subfield code="a">A-</subfield>
  </datafield>
  <datafield tag="100" ind1="1" ind2=" ">
    <subfield code="a">Y&#xE1;&#xF1;ez A., Edgar E.</subfield>
    <subfield code="9">38534,</subfield>
    <subfield code="e">autor.</subfield>
    <subfield code="4">aut</subfield>
  </datafield>
  <datafield tag="245" ind1="1" ind2="0">
    <subfield code="a">Biocombustibles, medio ambiente, tecnolog&#xED;a y seguridad alimentaria.</subfield>
  </datafield>
  <datafield tag="246" ind1="2" ind2=" ">
    <subfield code="a">Biofuels: environment, technology and food security</subfield>
  </datafield>
  <datafield tag="264" ind1=" " ind2="4">
    <subfield code="c">&#xA9;2009</subfield>
  </datafield>
  <datafield tag="300" ind1=" " ind2=" ">
    <subfield code="a">p&#xE1;ginas 71-91 :</subfield>
    <subfield code="b">Tablas, gr&#xE1;ficos.</subfield>
  </datafield>
  <datafield tag="336" ind1=" " ind2=" ">
    <subfield code="a">texto</subfield>
    <subfield code="b">txt</subfield>
    <subfield code="2">rdacontent</subfield>
  </datafield>
  <datafield tag="337" ind1=" " ind2=" ">
    <subfield code="a">sin mediaci&#xF3;n</subfield>
    <subfield code="b">n</subfield>
    <subfield code="2">rdamedia</subfield>
  </datafield>
  <datafield tag="338" ind1=" " ind2=" ">
    <subfield code="a">volumen</subfield>
    <subfield code="b">nc</subfield>
    <subfield code="2">rdacarrier</subfield>
  </datafield>
  <datafield tag="500" ind1=" " ind2=" ">
    <subfield code="a">Contiene resumen en espa&#xF1;ol e ingl&#xE9;s.</subfield>
  </datafield>
  <datafield tag="504" ind1=" " ind2=" ">
    <subfield code="a">Incluye referencias bibliogr&#xE1;ficas.</subfield>
  </datafield>
  <datafield tag="520" ind1=" " ind2=" ">
    <subfield code="a">La inminente decadencia de la producci&#xF3;n mundial de petr&#xF3;leo, aunada al elevado costo de este combustible f&#xF3;sil y a las evidentes amenazas ambientales que trae consigo, han hecho que se intensifique el uso de biocombustibles y en consecuencia su la producci&#xF3;n haya alcanzado vol&#xFA;menes inusitados en los &#xFA;ltimos diez a&#xF1;os. Lo cual ha generado intensos debates promovidos por organismos internacionales y l&#xED;deres pol&#xED;ticos. Este art&#xED;culo presenta el estado del arte de la producci&#xF3;n actual de biocombustibles en el mundo y eval&#xFA;a las causas del incremento de su demanda. Tambi&#xE9;n discute las opciones existentes de materia prima y rutas tecnol&#xF3;gicas, as&#xED; como aspectos de costo de producci&#xF3;n y la relaci&#xF3;n de su viabilidad econ&#xF3;mica con los precios internacionales del petr&#xF3;leo. De igual forma, presenta algunos aspectos ambientales, la evaluaci&#xF3;n de impactos de programas de incentivo para la producci&#xF3;n de biocombustibles con la herramienta "an&#xE1;lisis de ciclo de vida", los requerimientos en tierras cultivables y los impactos sobre la producci&#xF3;n de alimentos. Se concluye que el aumento de la utilizaci&#xF3;n de biocombustibles es inevitable, y que deben establecerse marcos reguladores nacionales e internacionales que pongan l&#xED;mites a la exploraci&#xF3;n de tierras y a los impactos consecuentes de la producci&#xF3;n de biocombustibles, as&#xED; como condiciones adecuadas de trabajo y remuneraci&#xF3;n digna para los trabajadores.</subfield>
  </datafield>
  <datafield tag="520" ind1=" " ind2=" ">
    <subfield code="a">The imminent decline of the world's oil production, its high market prices and environmental impacts have made the production of biofuels reach unprecedented volumes over the last ten years. This is why there have been intense debates promoted by international organizations and political leaders in order to discuss the impacts of the biofuel use intensification. Besides assessing the causes of the rise in the demand and production of biofuels, this paper also shows the state of the art of its world's current production. It also discusses different vegetable sources and technological paths to produce biofuels, as well as issues regarding production cost and the relation of its economic feasibility with oil international prices. The environmental impacts of programs that encourage biofuel production, farmland and requirements and the impacts on food production are also discussed, considering the life cycle analysis as a tool. It is concluded that the rise in the use of biofuels is inevitable and that international and national regulations must be established regarding the use of land and the environmental impacts caused by biofuel production. It is also mandatory to establish appropriate working conditions and decent remuneration for workers.</subfield>
  </datafield>
  <datafield tag="650" ind1=" " ind2="0">
    <subfield code="a">Aceite de palma</subfield>
    <subfield code="9">29635.</subfield>
  </datafield>
  <datafield tag="650" ind1=" " ind2="0">
    <subfield code="a">Biocombustibles</subfield>
    <subfield code="9">29861.</subfield>
  </datafield>
  <datafield tag="650" ind1=" " ind2="0">
    <subfield code="a">Bioetanol</subfield>
    <subfield code="9">29867.</subfield>
  </datafield>
  <datafield tag="650" ind1=" " ind2="0">
    <subfield code="a">Medio ambiente.</subfield>
    <subfield code="9">16002</subfield>
  </datafield>
  <datafield tag="650" ind1=" " ind2="0">
    <subfield code="a">Seguridad alimentaria</subfield>
    <subfield code="9">38649.</subfield>
  </datafield>
  <datafield tag="700" ind1="1" ind2=" ">
    <subfield code="a">Almaz&#xE1;n, Oscar</subfield>
    <subfield code="9">41874.</subfield>
  </datafield>
  <datafield tag="700" ind1="1" ind2=" ">
    <subfield code="a">Castillo, Edgar F.</subfield>
    <subfield code="9">41875.</subfield>
  </datafield>
  <datafield tag="700" ind1="1" ind2=" ">
    <subfield code="a">Escobar, Jos&#xE9; C.</subfield>
    <subfield code="9">41876.</subfield>
  </datafield>
  <datafield tag="700" ind1="1" ind2=" ">
    <subfield code="a">Lora, Electo S.</subfield>
    <subfield code="9">41877.</subfield>
  </datafield>
  <datafield tag="700" ind1="1" ind2=" ">
    <subfield code="a">Venturini, Osvaldo J.</subfield>
    <subfield code="9">41353.</subfield>
  </datafield>
  <datafield tag="773" ind1="0" ind2=" ">
    <subfield code="a">Palmas (Colombia)</subfield>
    <subfield code="g">v. 30, no. 1 (2009), p.71-91</subfield>
    <subfield code="w">A-</subfield>
    <subfield code="x">0121-2923</subfield>
  </datafield>
  <datafield tag="942" ind1=" " ind2=" ">
    <subfield code="2">z</subfield>
    <subfield code="c">1</subfield>
  </datafield>
  <datafield tag="952" ind1=" " ind2=" ">
    <subfield code="0">0</subfield>
    <subfield code="1">0</subfield>
    <subfield code="2">z</subfield>
    <subfield code="4">0</subfield>
    <subfield code="7">0</subfield>
    <subfield code="a">2</subfield>
    <subfield code="b">2</subfield>
    <subfield code="d">2013-10-21</subfield>
    <subfield code="l">0</subfield>
    <subfield code="o">A-</subfield>
    <subfield code="p">R-12136</subfield>
    <subfield code="r">2013-10-21 00:00:00</subfield>
    <subfield code="t">Ej. 1</subfield>
    <subfield code="w">2013-10-21</subfield>
    <subfield code="y">1</subfield>
  </datafield>
  <datafield tag="999" ind1=" " ind2=" ">
    <subfield code="c">26553</subfield>
    <subfield code="d">26553</subfield>
  </datafield>
</record>
